| 000 | 00658cab a2200253 4500 | ||
|---|---|---|---|
| 001 | WB3517-20 | ||
| 008 | 090401t1999 xxu||||| |||| 00| 0 eng d | ||
| 035 | _a(Sirsi) u93189 | ||
| 041 | _aeng | ||
| 245 | _aNegligence | ||
| 260 | _c1999 | ||
| 350 | _a0 | ||
| 490 |
_aEstates Gazette Case Summaries _v[1999] EGCS 59 (1/5/99) |
||
| 650 | _aDAMAGES | ||
| 650 | _aMERIVALE MOORE PLC AND ANOTHER V STRUTT AND PARKER | ||
| 650 | _aNEGLIGENCE | ||
| 650 | _aRENTAL VALUE | ||
| 650 |
_aValuation _96273 |
||
| 650 | _aVALUERS | ||
| 650 | _aYIELD | ||
| 690 | _aMANAGEMENT-BUSINESS MANAGEMENT-PROFESSIONAL PRACTICE | ||
| 942 | _n0 | ||
| 948 | _c07/05/1999 | ||
| 999 |
_c59065 _d59065 |
||